00375nam a2200121Ia 4500008004100000100004500041245003100086260001700117490001100134942000700145999001700152952008400169210107s9999 xx 000 0 und d a(The) United Kingdom Hydrographic Office 0aAdmiralty Tide Tables 2007 aLondonbHMSO vVol. 2 cBK c11403d11403 00104070aCLd2021-01-07o551.4708 U5814pPM07232r2021-01-07w2021-01-07yBK